Score 0/20 Timer 06:00
2 Plays Today
% Correct
Orange Is the New Black
90.6%
Castle
75.3%
Law & Order: Special Victims Unit
72.5%
NYPD Blue
70.8%
Empire
70.6%
Elementary
69.3%
Cagney & Lacey
65%
Suits
61.9%
Gossip Girl
60.6%
Kojak
56.4%
% Correct
Felicity
55.1%
Revenge
43.2%
Jessica Jones
42.1%
Oz
39.5%
General Hospital
39.3%
Sleepy Hollow
39.1%
Damages
36.2%
The Affair
26%
Vinyl
22.9%
The Mysteries of Laura
19.7%

You're not logged in!

Compare scores with friends on all Sporcle quizzes.
OR
Log In

Sporcle TV

Today on Sporcle TV


Watch our educational content, quiz creation guides, and fun videos on Sporcle TV.

Show Comments

Extras

Top Quizzes Today


Score Distribution

Your Account Isn't Verified!

In order to create a playlist on Sporcle, you need to verify the email address you used during registration. Go to your Sporcle Settings to finish the process.

Report this User

Report this user for behavior that violates our Community Guidelines.

Details: